000 00471nam a2200181 a 4500
001 1124
003 CO-ViMGA
008 141112s2004 ck r 000 u spa d
040 _aCO-ViMGA
_bspa
_cCO-ViMGA
082 0 4 _a511.2 M171
100 1 _aMataix Lorda, Mariano
_949208
245 1 0 _aDivertimientos lógicos y matemáticos
250 _a2a
260 _aMexico :
_bMarcombo,
_c1983
300 _a93 p : il
650 1 4 _aMATEMATICA RECREATIVA
_949209
942 _2ddc
_cBK
999 _c13347
_d13347